Vishnu Puran / (Record no. 182069)

MARC details
000 -LEADER
fixed length control field 00475nam a22001577a 4500
005 - DATE AND TIME OF LATEST TRANSACTION
control field 20211022145912.0
010 ## - LCCN (DPL NO)
LC control number EN230921
020 ## - INTERNATIONAL STANDARD BOOK NUMBER
International Standard Book Number 8171826733
Terms of availability 150.00
037 ## - SOURCE OF ACQUISITION
Source of stock number/acquisition Diamond Pocket Books
100 ## - MAIN ENTRY--PERSONAL NAME
Personal name Chaturvedi, B.K.
245 ## - TITLE STATEMENT
Title Vishnu Puran /
Statement of responsibility, etc by B.K. Chaturvedi
260 ## - PUBLICATION, DISTRIBUTION, ETC. (IMPRINT)
Place of publication, distribution, etc New Delhi
Name of publisher, distributor, etc Diamond Pocket Books
Date of publication, distribution, etc 2020
270 ## - ADDRESS
Address X-30, Okhla Industrial Area, Phase-II
City New Delhi
300 ## - PHYSICAL DESCRIPTION
Extent 160p.
Dimensions 22 cms.
942 ## - ADDED ENTRY ELEMENTS (KOHA)
Source of classification or shelving scheme Dewey Decimal Classification
Item type English Books
Classification part 230.22
Call number suffix CHA

No items available.


© Delhi Public Library
Hit Counter
free hit counter